| 000 | 00745nam a2200241Ia 4500 | ||
|---|---|---|---|
| 003 | OSt | ||
| 005 | 20241015085335.0 | ||
| 008 | 210716s2002 xx 000 0 und d | ||
| 020 | _a9780028634746 | ||
| 040 | _cAIMIT LIBRARY | ||
| 041 | _aeng | ||
| 082 |
_a413 _24 _bAGNM |
||
| 100 |
_aAgnes, Michael. _9182299 |
||
| 245 |
_aWebsters new world college dictionary / _cBy Michael Agnes and David B Guralnik. |
||
| 250 | _a4th ed. | ||
| 260 |
_aOhio : _bWiley Publishing Inc , _c2002. |
||
| 300 |
_a1716p. ; _bPB _c26 cm |
||
| 650 |
_aWorld city populations _9182300 |
||
| 650 |
_aCities of Canada by population _9182301 |
||
| 650 |
_aAmerican sign language _9182302 |
||
| 700 |
_aGuralnik, David B. _9182303 |
||
| 942 |
_2ddc _cBK _e4th _k413 AGNM |
||
| 999 |
_c206458 _d206458 |
||